Normal view
MARC view
- التصحر - تلف التربة - المشاكل البيئية - الاردن - مؤتمرات
Entry Topical Term
001 - CONTROL NUMBER
- control field: 56370
003 - CONTROL NUMBER IDENTIFIER
- control field: JO-AjAnu
005 - DATE AND TIME OF LATEST TRANSACTION
- control field: 20230606083234.0
008 - FIXED-LENGTH DATA ELEMENTS
- fixed length control field: 230606|| aca||aabn | a|a d
040 ## - CATALOGING SOURCE
- Original cataloging agency: JO-AjAnu
- Transcribing agency: JO-AjAnu
150 ## - HEADING--TOPICAL TERM
- Topical term or geographic name entry element: التصحر - تلف التربة - المشاكل البيئية - الاردن - مؤتمرات
670 ## - SOURCE DATA FOUND
- Source citation: Work cat.: (JO-AjAnu)28765: الجمعية العلمية لمكافحة التصحر وتنمية البادية، المركز الجغرافي الملكي؛ تحرير عبد اللطبف عربيات... وآخرون, author 56369, اليوم العلمي: الأثار الإقتصا،دية والإجتماعية للتصحر 25/6/2002